Pemikiran ekonomi Islam : suatu tinjauan penulisan semasa

Bibliographic Details
Main Author: Muhammad Nejatullah Siddiqi
Other Authors: Mohd.Amin Abdullah
Format: Book
Published: Kuala Lumpur : DBP , 1989
Subjects:

MARC

LEADER 00000cam a2200000 7i4500
001 0000005302
002 000005727
005 20000330.0
020 |a 9836207899 
090 0 0 |a 330.12   |b MUH 
100 0 |a Muhammad Nejatullah Siddiqi 
245 1 0 |a Pemikiran ekonomi Islam :   |b suatu tinjauan penulisan semasa   |c Muhammad Nejatullah Siddiqi ; penterjemah Mohd.Amin Abdullah 
260 |a Kuala Lumpur :   |b DBP ,   |c 1989 
300 |a 232p. ;   |c 22cm. 
650 0 0 |a Economics   |x Religious aspects   |x Islam 
700 0 |a Mohd.Amin Abdullah 
999 |a 033517   |b BUKU   |c PINJAMAN   |e PERPUSTAKAAN KOMUNITI PETALING JAYA